Designing and Social Robots / (Record no. 611522)
[ view plain ]
| 000 -LEADER | |
|---|---|
| fixed length control field | 00341nam a22001217a 4500 |
| 020 ## - INTERNATIONAL STANDARD BOOK NUMBER | |
| International Standard Book Number | 0262025108 |
| 082 ## - DEWEY DECIMAL CLASSIFICATION NUMBER | |
| Classification number | 006.3 |
| Author Mark | BRE |
| 100 ## - MAIN ENTRY--PERSONAL NAME | |
| Personal name | Breazeal, Cynthia L. |
| 245 ## - TITLE STATEMENT | |
| Title | Designing and Social Robots / |
| Statement of responsibility, etc. | Cynthia L. Breazeal |
| 260 ## - PUBLICATION, DISTRIBUTION, ETC. | |
| Place of publication, distribution, etc. | London : |
| Name of publisher, distributor, etc. | The MIT Press , |
| Date of publication, distribution, etc. | 2002. |
| 300 ## - PHYSICAL DESCRIPTION | |
| Extent | XIII ,263p. ; |
| Other physical details | Hardbinding , |
| 942 ## - ADDED ENTRY ELEMENTS (KOHA) | |
| Source of classification or shelving scheme | |
| Koha item type | Book |
| Withdrawn status | Lost status | Source of classification or shelving scheme | Damaged status | Not for loan | Permanent Location | Current Location | Shelving location | Date acquired | Full call number | Barcode | Date last seen | Price effective from | Koha item type | Total Checkouts |
|---|---|---|---|---|---|---|---|---|---|---|---|---|---|---|
| School of Mechanical & Manufacturing Engineering (SMME) | School of Mechanical & Manufacturing Engineering (SMME) | General Stacks | 09/16/2024 | 006.3 BRE | SMME-4623 | 09/16/2024 | 09/16/2024 | Book | ||||||
| School of Mechanical & Manufacturing Engineering (SMME) | School of Mechanical & Manufacturing Engineering (SMME) | General Stacks | 09/16/2024 | 006.3 BRE | SMME-4624 | 09/16/2024 | 09/16/2024 | Book | ||||||
| School of Mechanical & Manufacturing Engineering (SMME) | School of Mechanical & Manufacturing Engineering (SMME) | General Stacks | 09/16/2024 | 006.3 BRE | SMME-4625 | 09/16/2024 | 09/16/2024 | Book |
